Casa tomada y otros cuentos / (Registro nro. 10618)

Detalles MARC
000 -LIDER
fixed length control field 00952nam a2200313 b 4500
001 - NÚMERO DE CONTROL
Identificador de número de control
003 - IDENTIFICACDOR DE NÚMERO DE CONTROL
control field DO-SdBNP
005 - DATE AND TIME OF LATEST TRANSACTION
control field 20230303084613.0
008 - ELEMENTOS DE LONGITUD FIJA
fixed length control field 070718s2011 sp mx ||| ||spa
015 ## - NÚMERO DENTRO DE LA BIBLIOGRAFÍA NACIONAL
National bibliography number
017 ## - NÚMERO DE REGISTRO DE DERECHOS DE AUTOR
Copyright or legal deposit number
Assigning agency
020 ## - ISBN
International Standard Book Number 9789870402176
035 ## - NÚMERO LOCAL
System control number
040 ## - FUENTE DE CATALOGACIÓN
Agencia que crea de manera original el registro BPMSU
Idioma de catalogación spa
Agencia que realiza la transcripción BPMSU
Convenciones de la despripción
082 #4 - NÚMERO DE CLASIFICACIÓN DECIMAL DE DEWEY
Classification number A863.6
Item number C827c 2011
Edition number 22
100 1# - ASIENTO PRINCIPAL -- NOMBRE PERSONAL
Nombre personal Cortázar, Julio
Fechas asociadas con el nombre 1914-1984
243 10 - COLLECTIVE UNIFORM TITLE
Título uniforme
245 10 - MENCIÓN DE TITULO
Título Casa tomada y otros cuentos /
Mención de responsabilidad Julio Cortázar ; [prólogo, Luisa Valenzuela ; estudio, Aníbal Jarkowski ; selección de textos, María Cristina Pruzzo
Medio (Designación general de material)
260 ## - PUBLICACIÓN, DISTRIBUCIÓN, ETC. (PIE DE IMPRENTA)
Lugar de publicación, distribución, etc México :
Nombre del editor, distribuidor, etc. Alfaguara,
Fecha de publicación, distribución, etc 2011
300 ## - DESCRIPCIÓN FÍSICA
Extensión 188 p. ;
Dimensiones 20 cm
490 0# - MENCIÓN DE SERIES
Mención de serie Alfaguara;
-- Serie roja.
590 ## - NOTA LOCAL
Texto de la nota local Inventariado, 2023/VM
650 #4 - ENCABEZAMIENTO DE MATERIA--TEMÁTICO
Término temático o nombre geográfico como elemento de entrada Cuentos argentinos
650 #4 - ENCABEZAMIENTO DE MATERIA--TEMÁTICO
Término temático o nombre geográfico como elemento de entrada Literatura argentina
700 1# - ASIENTO SECUNDARIO -- NOMBRE PERSONAL
Nombre personal Pruzzo, María Cristina
700 1# - ASIENTO SECUNDARIO -- NOMBRE PERSONAL
Nombre personal Valenzuela, Luisa
Mención de responsabilidad prólogo
910 ## - VALIDACIÓN
Validación VMateo V. Control de calidad (BPMSU)
942 ## - ADDED ENTRY ELEMENTS (KOHA)
Source of classification or shelving scheme Dewey Decimal Classification
Koha item type Libros
Existencias
Withdrawn status Lost status Source of classification or shelving scheme Damaged status Not for loan Collection code Home library Current library Date acquired Source of acquisition Full call number Barcode Date last seen Price effective from Koha item type Copy number
    Dewey Decimal Classification     Colección General Biblioteca Pública Metropolitana Salomé Ureña Biblioteca Pública Metropolitana Salomé Ureña 06/27/2016 ALFAGUARA BPMSU CG A863.6 C827c 2011 BPMSU16060666 06/27/2016 06/27/2016 Libros  
    Dewey Decimal Classification     Colección General Biblioteca Pública Metropolitana Salomé Ureña Biblioteca Pública Metropolitana Salomé Ureña 06/27/2016 ALFAGUARA BPMSU CG A863.6 C827c 2011 BPMSU16060667 06/27/2016 06/27/2016 Libros e.2
    Dewey Decimal Classification     Colección General Biblioteca Pública Metropolitana Salomé Ureña Biblioteca Pública Metropolitana Salomé Ureña 06/27/2016 ALFAGUARA BPMSU CG A863.6 C827c 2011 BPMSU16060668 06/27/2016 06/27/2016 Libros e.3